[Event "4NCL/Div4/BRJ vs. GLOSG"]
[Site "Staverton Park ENG"]
[Date "2008.02.09"]
[Round "5.1"]
[White "Girdlestone, Paul"]
[Black "Lambourne, Daniel M"]
[Result "1/2-1/2"]
[WhiteElo "2240"]
[BlackElo "2100"]
[PlyCount "111"]
[EventDate "2008.02.09"]
[EventType "team"]
[EventRounds "11"]
[EventCountry "ENG"]
[SourceDate "2007.09.15"]

1. d4 Nf6 2. Nf3 e6 3. g3 c5 4. Bg2 Nc6 5. O-O d5 6. b3 Be7 7. Bb2 O-O 8. Nbd2
cxd4 9. Nxd4 Nxd4 10. Bxd4 Qc7 11. c4 e5 12. Bb2 d4 13. Qc2 Be6 14. Qd3 Rad8
15. Rac1 b6 16. a3 a5 17. Rfd1 Ng4 18. h3 Nh6 19. e3 dxe3 20. Qxe3 f6 21. Bd5
Bxd5 22. cxd5 Bc5 23. Ne4 Bxe3 24. Rxc7 Bd4 25. Bxd4 Rxd5 26. Rb7 exd4 27. Rxb6
Nf5 28. b4 axb4 29. axb4 Re8 30. Nc5 Nd6 31. Kg2 Nc4 32. Rb7 h6 33. Rd7 Rd8 34.
Rxd8+ Rxd8 35. Ne6 Rb8 36. Rxd4 Ne5 37. Rd8+ Rxd8 38. Nxd8 Kf8 39. f4 Nc4 40.
Ne6+ Kf7 41. Nd4 g6 42. g4 Ke7 43. Kf3 Kd6 44. Ke4 Nb6 45. h4 Nd5 46. h5 f5+
47. gxf5 gxh5 48. Nb5+ Kc6 49. Na7+ Kd6 50. Nc8+ Kc6 51. b5+ Kc5 52. b6 Kc6 53.
Na7+ Kd6 54. Nb5+ Kc6 55. Nd4+ Kd6 56. Nb5+ 1/2-1/2

[Event "4NCL/Div4/BRJ vs. GLOSG"]
[Site "Staverton Park ENG"]
[Date "2008.02.09"]
[Round "5.2"]
[White "Hosken, Nigel"]
[Black "Headlong, Timothy"]
[Result "1/2-1/2"]
[WhiteElo "2010"]
[BlackElo "2205"]
[PlyCount "145"]
[EventDate "2008.02.09"]
[EventType "team"]
[EventRounds "11"]
[EventCountry "ENG"]
[SourceDate "2007.09.15"]

1. d4 d5 2. c4 e6 3. Nc3 c5 4. cxd5 exd5 5. Nf3 Nc6 6. g3 Nf6 7. Bg2 Be7 8. O-O
O-O 9. Bg5 cxd4 10. Nxd4 h6 11. Be3 Re8 12. Rc1 Bf8 13. Na4 Ne5 14. Nb5 Nc6 15.
Bc5 Bg4 16. Re1 Qd7 17. Bxf8 Kxf8 18. Nc5 Qe7 19. Nd4 Nxd4 20. Qxd4 Rad8 21.
Nd3 a6 22. Qc5 Qxc5 23. Nxc5 b6 24. Nxa6 Bxe2 25. Nc7 Re7 26. Nxd5 Nxd5 27.
Bxd5 g6 28. Bc4 Rd2 29. Bxe2 Rexe2 30. Rxe2 Rxe2 31. b4 Rxa2 32. Rc6 Rb2 33.
Rxb6 h5 34. h4 Ke7 35. Kg2 Rb3 36. b5 Kd7 37. Rb8 Ke6 38. b6 Kf6 39. Kf1 Rb2
40. Ke1 Kf5 41. Rb7 Ke6 42. Kf1 Kf6 43. Kg2 Rb3 44. Kg1 Rb1+ 45. Kg2 Rb3 46.
Rb8 Ke6 47. b7 Kf6 48. Kf1 Rb2 49. Ke1 Kg7 50. Kd1 Rb6 51. Kc2 Rb5 52. Kc3 Rb6
53. Kd4 Rb1 54. f3 Rb4+ 55. Kc5 Rb1 56. g4 Rc1+ 57. Kd6 Rd1+ 58. Ke5 Re1+ 59.
Kf4 Rb1 60. g5 Rb4+ 61. Ke5 Rb1 62. f4 Re1+ 63. Kd4 Rd1+ 64. Kc3 Rb1 65. f5
gxf5 66. Kd4 Rd1+ 67. Ke5 Re1+ 68. Kxf5 Rf1+ 69. Ke5 Re1+ 70. Kd4 Rd1+ 71. Kc3
Rb1 72. Kd2 Rb3 73. Kc2 1/2-1/2

[Event "4NCL/Div4/BRJ vs. GLOSG"]
[Site "Staverton Park ENG"]
[Date "2008.02.09"]
[Round "5.3"]
[White "Hall, Daniel J"]
[Black "Martin, Peter"]
[Result "1-0"]
[WhiteElo "2124"]
[BlackElo "2042"]
[PlyCount "87"]
[EventDate "2008.02.09"]
[EventType "team"]
[EventRounds "11"]
[EventCountry "ENG"]
[SourceDate "2007.09.15"]

1. e4 e5 2. Nf3 Nc6 3. Bb5 a6 4. Ba4 Nf6 5. d4 b5 6. Bb3 d6 7. dxe5 dxe5 8.
Qxd8+ Nxd8 9. Nxe5 Bd6 10. Nd3 Nxe4 11. Bd5 Bb7 12. Bxb7 Nxb7 13. a4 O-O 14.
Be3 Nbc5 15. Nxc5 Bxc5 16. Nd2 Rfe8 17. Nxe4 Rxe4 18. axb5 Bxe3 19. fxe3 Rxe3+
20. Kd2 Re6 21. bxa6 Rd6+ {=} 22. Kc1 Raxa6 23. Rxa6 Rxa6 24. Re1 Ra1+ 25. Kd2
Rxe1 26. Kxe1 f5 27. Ke2 Kf7 28. Kd3 Ke6 29. Kd4 Kd6 30. b4 g5 31. c4 c6 32. g3
h6 33. h3 h5 34. h4 f4 35. gxf4 gxh4 36. Ke4 Ke6 37. b5 cxb5 38. cxb5 h3 39.
Kf3 Kf5 40. b6 h2 41. Kg2 Kxf4 42. b7 h4 43. b8=Q+ Kg4 44. Kxh2 1-0

[Event "4NCL/Div4/BRJ vs. GLOSG"]
[Site "Staverton Park ENG"]
[Date "2008.02.09"]
[Round "5.4"]
[White "Taylor, Geoffrey P"]
[Black "Cabero, Pablo Padilla"]
[Result "0-1"]
[WhiteElo "2028"]
[BlackElo "2169"]
[PlyCount "84"]
[EventDate "2008.02.09"]
[EventType "team"]
[EventRounds "11"]
[EventCountry "ENG"]
[SourceDate "2007.09.15"]

1. e4 Nf6 2. e5 Nd5 3. d4 c5 4. c4 Nb4 5. d5 d6 6. exd6 Bf5 7. Na3 exd6 8. Be2
Be7 9. Nf3 Bf6 10. Be3 Bxb2 11. O-O O-O 12. Qb3 Bxa1 13. Rxa1 a6 14. Rc1 b5 15.
Nb1 bxc4 16. Bxc4 a5 17. Nc3 Nd7 18. Nb5 a4 19. Qd1 Nb6 20. Bf4 Nxc4 21. Rxc4
Ra6 22. Bg3 Qf6 23. h3 Rb6 24. a3 Nd3 25. Qxa4 Nb2 26. Qb3 Nxc4 27. Qxc4 Rfb8
28. a4 Bd7 29. Nxd6 Rxd6 30. Be5 Rb1+ 31. Kh2 Qe7 32. Qxc5 Re6 33. Qc7 Reb6 34.
d6 Qe8 35. a5 Rb7 36. Qc3 f6 37. Bg3 Qc8 38. Qd3 R7b3 39. Qd5+ Be6 40. Qd4 Qc6
41. a6 Rxf3 42. d7 Bxd7 0-1

[Event "4NCL/Div4/BRJ vs. GLOSG"]
[Site "Staverton Park ENG"]
[Date "2008.02.09"]
[Round "5.5"]
[White "Rabbitt, Michael"]
[Black "Meade, Philip J"]
[Result "1/2-1/2"]
[WhiteElo "2110"]
[BlackElo "2020"]
[PlyCount "53"]
[EventDate "2008.02.09"]
[EventType "team"]
[EventRounds "11"]
[EventCountry "ENG"]
[SourceDate "2007.09.15"]

1. e4 c5 2. Nf3 e6 3. d4 cxd4 4. Nxd4 Nc6 5. Nc3 Qc7 6. Be2 a6 7. O-O Nf6 8.
Be3 Bb4 9. f3 O-O 10. Kh1 b5 11. Qe1 Bb7 12. a3 Be7 13. Rd1 Rfd8 14. Qf2 Ne5
15. Ndxb5 axb5 16. Bb6 Qb8 17. Bxd8 Qxd8 18. Bxb5 Qb8 19. Qb6 d5 20. exd5 Nxd5
21. Nxd5 Bxd5 22. Qxb8+ Rxb8 23. a4 Nc4 24. Rfe1 Nxb2 25. Rxd5 exd5 26. Rxe7
Nxa4 27. Re8+ 1/2-1/2

[Event "4NCL/Div4/BRJ vs. GLOSG"]
[Site "Staverton Park ENG"]
[Date "2008.02.09"]
[Round "5.6"]
[White "Dodwell, Phil"]
[Black "Thomas, Nicola D"]
[Result "1/2-1/2"]
[WhiteElo "2015"]
[BlackElo "1935"]
[PlyCount "81"]
[EventDate "2008.02.09"]
[EventType "team"]
[EventRounds "11"]
[EventCountry "ENG"]
[SourceDate "2007.09.15"]

1. e4 e5 2. f4 Nc6 3. c3 d5 4. exd5 Qxd5 5. d3 Bf5 6. Qb3 O-O-O 7. Qxd5 Rxd5 8.
fxe5 Rxe5+ 9. Kd1 Nf6 10. Nf3 Rd5 11. d4 Ng4 12. Bc4 Rd7 13. Rf1 Bg6 14. Bd2
Bd6 15. h3 Nf6 16. b4 Re8 17. a4 Bg3 18. Kc1 Ne4 19. Kb2 Nd6 20. Bb5 a6 21.
Bxc6 bxc6 22. Na3 Re2 23. Rad1 Rxg2 24. Rg1 Rxg1 25. Rxg1 Ne4 26. Nc4 Rd5 27.
Be1 Bxe1 28. Rxe1 f6 29. Nh4 Nf2 30. Re2 Nxh3 31. Nxg6 hxg6 32. Re8+ Rd8 33.
Re7 g5 34. Rxg7 f5 35. Ne5 Rf8 36. Ng6 Rf6 37. Ne5 f4 38. Rg8+ Kb7 39. Nf3 Rf5
40. Kb3 Kb6 41. a5+ 1/2-1/2

[Event "4NCL/Div4/BCA vs. AMCAD"]
[Site "Staverton Park ENG"]
[Date "2008.02.09"]
[Round "5.1"]
[White "Crouch, Colin"]
[Black "Purdon, Colin"]
[Result "1-0"]
[WhiteElo "2357"]
[BlackElo "2125"]
[PlyCount "99"]
[EventDate "2008.02.09"]
[EventType "team"]
[EventRounds "11"]
[EventCountry "ENG"]
[SourceDate "2007.09.15"]

1. d4 d5 2. c4 c6 3. Nf3 Nf6 4. e3 e6 5. Nbd2 Nbd7 6. Bd3 Bd6 7. O-O O-O 8. e4
e5 9. cxd5 cxd5 10. exd5 exd4 11. Nc4 Nb6 12. Nxd6 Qxd6 13. Nxd4 Bg4 14. Qb3
Qxd5 15. Qxd5 Nbxd5 16. h3 Nb4 17. Bc4 Rac8 18. b3 Rfd8 19. hxg4 Rxd4 20. g5
Nfd5 21. Be3 Nxe3 22. Bxf7+ Kh8 23. fxe3 Rd2 24. Rf4 Nc6 25. Raf1 Rdd8 26. Be6
Rb8 27. Kh2 g6 28. Rh4 Rf8 29. Rhf4 Rxf4 30. exf4 Nd4 31. Bg4 Kg7 32. Rc1 Nc6
33. Bf3 Rc8 34. b4 a6 35. a4 Rf8 36. Rc4 Rf7 37. Bd5 Rf5 38. Bxc6 bxc6 39. Kg3
a5 40. Rxc6 axb4 41. Rb6 h5 42. gxh6+ Kxh6 43. Rxb4 Ra5 44. Kg4 Kg7 45. g3 Kf6
46. Kf3 Ra6 47. Ke4 Ke6 48. g4 Rc6 49. a5 Ra6 50. Rb6+ 1-0

[Event "4NCL/Div4/BCA vs. AMCAD"]
[Site "Staverton Park ENG"]
[Date "2008.02.09"]
[Round "5.2"]
[White "Bonafont, Philip"]
[Black "Mordue, A Tyson"]
[Result "0-1"]
[WhiteElo "2103"]
[BlackElo "2302"]
[PlyCount "68"]
[EventDate "2008.02.09"]
[EventType "team"]
[EventRounds "11"]
[EventCountry "ENG"]
[SourceDate "2007.09.15"]

1. d4 Nf6 2. Nf3 g6 3. c4 Bg7 4. Nc3 d6 5. e4 O-O 6. Be2 e5 7. O-O Na6 8. Be3
Ng4 9. Bg5 Qe8 10. dxe5 dxe5 11. h3 h6 12. Bd2 Nf6 13. Be3 Qe7 14. Nd5 Qd8 15.
Qc2 c6 16. Nxf6+ Qxf6 17. Rfd1 Qe7 18. c5 Nc7 19. Bc4 Kh7 20. a4 f5 21. Ra3 f4
22. Bc1 Ne6 23. Bxe6 Bxe6 24. Rad3 Rae8 25. b3 g5 26. Bb2 Bc8 27. Nd2 Rd8 28.
Nf3 Rxd3 29. Rxd3 h5 30. Ne1 g4 31. hxg4 hxg4 32. f3 Qh4 33. Qf2 g3 34. Qd2 b6
0-1

[Event "4NCL/Div4/BCA vs. AMCAD"]
[Site "Staverton Park ENG"]
[Date "2008.02.09"]
[Round "5.3"]
[White "Ross, Chris"]
[Black "Morris-Hill, Ray"]
[Result "1/2-1/2"]
[WhiteElo "2141"]
[BlackElo "2129"]
[PlyCount "57"]
[EventDate "2008.02.09"]
[EventType "team"]
[EventRounds "11"]
[EventCountry "ENG"]
[SourceDate "2007.09.15"]

1. d4 Nf6 2. Nf3 g6 3. g3 Bg7 4. Bg2 d5 5. O-O O-O 6. c4 c6 7. cxd5 cxd5 8. Nc3
Nc6 9. Bf4 Nh5 10. Ne5 Nxf4 11. gxf4 e6 12. Nxc6 bxc6 13. Na4 Qd6 14. e3 Rb8
15. Rc1 Bd7 16. b3 f6 17. Nc5 e5 18. dxe5 fxe5 19. fxe5 Bxe5 20. f4 Bg7 21.
Nxd7 Qxd7 22. Rxc6 Rbd8 23. Rc5 d4 24. Rd5 Qe6 25. e4 Rxd5 26. exd5 Qd6 27. Qd2
Rf5 28. Be4 Rf8 29. Bg2 1/2-1/2

[Event "4NCL/Div4/BCA vs. AMCAD"]
[Site "Staverton Park ENG"]
[Date "2008.02.09"]
[Round "5.4"]
[White "McCullough, Simon L"]
[Black "Lilley, Graham"]
[Result "1/2-1/2"]
[WhiteElo "2080"]
[BlackElo "2129"]
[PlyCount "32"]
[EventDate "2008.02.09"]
[EventType "team"]
[EventRounds "11"]
[EventCountry "ENG"]
[SourceDate "2007.09.15"]

1. Nf3 g6 2. d4 Bg7 3. Nc3 d6 4. e4 Nf6 5. h3 O-O 6. Bg5 c5 7. Qd2 cxd4 8. Nxd4
Nc6 9. Nb3 Re8 10. O-O-O Be6 11. Kb1 Rc8 12. f4 Bxb3 13. axb3 Qa5 14. Bxf6 Bxf6
15. Nd5 Qxd2 16. Rxd2 Bg7 1/2-1/2

[Event "4NCL/Div4/BCA vs. AMCAD"]
[Site "Staverton Park ENG"]
[Date "2008.02.09"]
[Round "5.5"]
[White "Hilton, Steve"]
[Black "Duvall, Ian"]
[Result "1/2-1/2"]
[WhiteElo "1946"]
[BlackElo "2045"]
[PlyCount "89"]
[EventDate "2008.02.09"]
[EventType "team"]
[EventRounds "11"]
[EventCountry "ENG"]
[SourceDate "2007.09.15"]

1. d4 Nf6 2. c4 g6 3. Nc3 Bg7 4. e4 O-O 5. Be2 d6 6. Bg5 c6 7. Qd2 Na6 8. f4 h6
9. Bh4 Nc7 10. Nf3 Bg4 11. O-O Qe8 12. a4 Nh7 13. h3 Bd7 14. d5 Kh8 15. a5 Rg8
16. Rae1 Bf6 17. Bxf6+ Nxf6 18. e5 Nh7 19. exd6 exd6 20. dxc6 Bxc6 21. Qxd6 Ne6
22. Nd4 Bd7 23. Bf3 Qc8 24. Bd5 Rd8 25. Bxe6 Bxe6 26. Qe5+ f6 27. Qxe6 Rxd4 28.
Qxc8+ Rxc8 29. Re7 Rdxc4 30. Rxb7 R8c7 31. Rxc7 Rxc7 32. Rd1 Rb7 33. a6 Re7 34.
Rd8+ Kg7 35. Rb8 Nf8 36. Kf2 Kf7 37. Nb5 Nd7 38. Rb7 Nc5 39. Rxa7 Rxa7 40. Nxa7
Nxa6 41. Nc6 Nc5 42. b4 Ne4+ 43. Ke3 Nd6 44. Nd4 f5 45. g4 1/2-1/2

[Event "4NCL/Div4/BCA vs. AMCAD"]
[Site "Staverton Park ENG"]
[Date "2008.02.09"]
[Round "5.6"]
[White "Staples, Daniel J"]
[Black "Burnell, Steve"]
[Result "1-0"]
[WhiteElo "2045"]
[BlackElo "1935"]
[PlyCount "49"]
[EventDate "2008.02.09"]
[EventType "team"]
[EventRounds "11"]
[EventCountry "ENG"]
[SourceDate "2007.09.15"]

1. e4 c6 2. d4 d5 3. exd5 cxd5 4. c4 Nf6 5. Nc3 e6 6. Nf3 Be7 7. Bd3 O-O 8. O-O
Nc6 9. a3 dxc4 10. Bxc4 a6 11. Bf4 b5 12. Ba2 Bb7 13. Rc1 Rc8 14. d5 exd5 15.
Nxd5 Nxd5 16. Bxd5 Na5 17. Bxb7 Nxb7 18. Ne5 Bf6 19. Rxc8 Qxc8 20. Nd7 Bxb2 21.
Nxf8 Qxf8 22. a4 b4 23. Qd5 Qc8 24. Re1 Bf6 25. Qxb7 1-0

[Event "4NCL/Div4/PONTY vs. ATH"]
[Site "Staverton Park ENG"]
[Date "2008.02.09"]
[Round "5.1"]
[White "Gilbert, Jonathan A"]
[Black "Quinn, John M"]
[Result "1/2-1/2"]
[WhiteElo "2062"]
[BlackElo "2164"]
[PlyCount "67"]
[EventDate "2008.02.09"]
[EventType "team"]
[EventRounds "11"]
[EventCountry "ENG"]
[SourceDate "2007.09.15"]

1. e4 c5 2. Nf3 e6 3. d4 cxd4 4. Nxd4 Nc6 5. Nxc6 bxc6 6. Bd3 d5 7. O-O Nf6 8.
Nc3 Be7 9. Re1 d4 10. Ne2 e5 11. Ng3 O-O 12. h3 Qc7 13. Rf1 c5 14. b3 Be6 15.
f4 c4 16. bxc4 Bd6 17. fxe5 Bxe5 18. Nf5 Rfe8 19. Bg5 Bxc4 20. Bxf6 Bxf6 21.
Bxc4 Qxc4 22. Nd6 Qc5 23. Nxe8 d3+ {=} 24. Kh1 Bxa1 25. Qxa1 Rxe8 26. cxd3 Qc2
27. Qb1 Qe2 28. Rf3 h6 29. Qb7 Qxa2 30. d4 Rd8 31. d5 Qa1+ 32. Kh2 Qe5+ 33. Kg1
Qd4+ 34. Kh2 1/2-1/2

[Event "4NCL/Div4/PONTY vs. ATH"]
[Site "Staverton Park ENG"]
[Date "2008.02.09"]
[Round "5.2"]
[White "Pedersen, Carsten"]
[Black "Adams, Mark A"]
[Result "1-0"]
[WhiteElo "2149"]
[BlackElo "2022"]
[PlyCount "89"]
[EventDate "2008.02.09"]
[EventType "team"]
[EventRounds "11"]
[EventCountry "ENG"]
[SourceDate "2007.09.15"]

1. e4 c5 2. Nc3 a6 3. g3 b5 4. a3 Bb7 5. Bg2 e6 6. d3 Be7 7. f4 h5 8. h3 Nf6 9.
Nf3 d5 10. e5 Ng8 11. Ne2 Nh6 12. Be3 Nc6 13. Bf2 Nf5 14. c3 Qc7 15. d4 c4 16.
Qc2 a5 17. Ng5 g6 18. O-O Nh6 19. Bf3 O-O-O 20. b3 Bxg5 21. fxg5 Nf5 22. Rfb1
h4 23. g4 Ng3 24. Bxg3 hxg3 25. Kg2 Qe7 26. Qd2 Rh7 27. bxc4 bxc4 28. Kxg3 Rdh8
29. Bg2 a4 30. Rb5 Kc7 31. Rab1 Rb8 32. Qb2 Kc8 33. Rc5 Qc7 34. Qb5 Rh8 35.
Qxa4 Ra8 36. Qb5 Rxa3 37. Qb2 Ra5 38. Rb5 Rxb5 39. Qxb5 Na7 40. Qb4 Nc6 41. Qc5
Kd7 42. Nf4 Rb8 43. Bxd5 exd5 44. Nxd5 Qa5 45. Qd6+ 1-0

[Event "4NCL/Div4/PONTY vs. ATH"]
[Site "Staverton Park ENG"]
[Date "2008.02.09"]
[Round "5.3"]
[White "Perrett, David"]
[Black "Gruettner, Ralf"]
[Result "1-0"]
[WhiteElo "2032"]
[BlackElo "2102"]
[PlyCount "97"]
[EventDate "2008.02.09"]
[EventType "team"]
[EventRounds "11"]
[EventCountry "ENG"]
[SourceDate "2007.09.15"]

1. d4 Nf6 2. Bg5 c5 3. Bxf6 gxf6 4. d5 d6 5. e3 Qb6 6. Qc1 Bf5 7. Nd2 Bh6 8.
Ne2 Qa5 9. Nc3 Na6 10. a3 Bd7 11. g3 b5 12. Bg2 Qb6 13. O-O b4 14. Nc4 Qb7 15.
Ne4 O-O 16. Qd1 f5 17. Ned2 bxa3 18. Rxa3 Nc7 19. Qh5 Bg7 20. e4 fxe4 21. Nxe4
f5 22. Ng5 h6 23. Ne6 Bxe6 24. dxe6 d5 25. Ne3 Qxb2 26. Rb3 Qe5 27. c4 dxc4 28.
Nxc4 Qxe6 29. Rb7 Qxc4 30. Rxc7 Rac8 31. Rxa7 Qg4 32. Bd5+ Kh8 33. Qxg4 fxg4
34. Be6 Rc6 35. Bxg4 Bf6 36. Rc1 Bd4 37. Rc2 Rcf6 38. Raa2 e5 39. Kg2 Kg7 40.
f3 R8f7 41. Ra3 Rb6 42. Raa2 Rc7 43. Bf5 c4 44. g4 c3 45. Be4 Rb2 46. Raxb2
cxb2 47. Rxc7+ Kf6 48. Rc6+ Kg7 49. h4 1-0

[Event "4NCL/Div4/PONTY vs. ATH"]
[Site "Staverton Park ENG"]
[Date "2008.02.09"]
[Round "5.4"]
[White "Crichton, Martin"]
[Black "Davis, Lee"]
[Result "0-1"]
[WhiteElo "2019"]
[BlackElo "2056"]
[PlyCount "84"]
[EventDate "2008.02.09"]
[EventType "team"]
[EventRounds "11"]
[EventCountry "ENG"]
[SourceDate "2007.09.15"]

1. e4 d6 2. d4 Nf6 3. Nc3 g6 4. Be3 c6 5. Be2 b5 6. a3 Nbd7 7. f4 Nb6 8. Nf3
Bg7 9. O-O O-O 10. Nd2 Bd7 11. Bf3 Rb8 12. Qe2 Qc8 13. h3 a6 14. b4 Be6 15. Qf2
Bc4 16. Be2 Bxe2 17. Nxe2 Nfd7 18. f5 c5 19. c3 c4 20. Qg3 Na4 21. Rf3 Qc6 22.
Raf1 a5 23. Rf4 e5 24. R4f3 d5 25. exd5 Qxd5 26. f6 Bh8 27. Rf5 Rfe8 28. dxe5
Rxe5 29. Rxe5 Qxe5 30. Qxe5 Nxe5 31. Bd4 Re8 32. bxa5 Nc6 33. Nf4 Nxd4 34. cxd4
Bxf6 35. d5 Bc3 36. Nf3 Bxa5 37. Rd1 Nb2 38. Rc1 Re4 39. g3 Re3 40. Kg2 Rxa3
41. d6 Nd3 42. Rd1 Ra2+ 0-1

[Event "4NCL/Div4/PONTY vs. ATH"]
[Site "Staverton Park ENG"]
[Date "2008.02.09"]
[Round "5.5"]
[White "Waterfield, John"]
[Black "McLaughlin, Noel"]
[Result "1/2-1/2"]
[WhiteElo "2015"]
[BlackElo "2025"]
[PlyCount "53"]
[EventDate "2008.02.09"]
[EventType "team"]
[EventRounds "11"]
[EventCountry "ENG"]
[SourceDate "2007.09.15"]

1. e4 c5 2. Nf3 Nc6 3. d4 cxd4 4. Nxd4 e5 5. Nb5 d6 6. c4 Be7 7. N1c3 a6 8. Na3
f5 9. exf5 Bxf5 10. Bd3 Be6 11. O-O Nf6 12. Bg5 O-O 13. Nc2 Rc8 14. Qd2 Na5 15.
b3 Qc7 16. Ne3 b5 17. Bxf6 Bxf6 18. Ncd5 Qd8 19. cxb5 Bg5 20. Be4 axb5 21. Rac1
Nc6 22. Qd3 Nd4 23. Bxh7+ Kh8 24. Be4 Qa5 25. b4 Qxa2 26. Ra1 Qb3 27. Ra6
1/2-1/2

[Event "4NCL/Div4/PONTY vs. ATH"]
[Site "Staverton Park ENG"]
[Date "2008.02.09"]
[Round "5.6"]
[White "Wilson, David"]
[Black "Davies, Peter L"]
[Result "1-0"]
[WhiteElo "1695"]
[BlackElo "2001"]
[PlyCount "75"]
[EventDate "2008.02.09"]
[EventType "team"]
[EventRounds "11"]
[EventCountry "ENG"]
[SourceDate "2007.09.15"]

1. e4 c5 2. Nf3 g6 3. Nc3 Bg7 4. d4 cxd4 5. Nxd4 Nc6 6. Be3 Nf6 7. Nxc6 dxc6 8.
Qxd8+ Kxd8 9. O-O-O+ Ke8 10. Bd4 Nh5 11. Bxg7 Nxg7 12. Be2 Be6 13. Rd2 Rd8 14.
Rhd1 Rxd2 15. Rxd2 Bc8 16. b4 e5 17. a4 Ke7 18. b5 Ne6 19. g3 {=} Nc5 20. f4 f6
21. Kb2 Be6 22. Ka3 Bd7 23. Kb4 Ne6 24. Bg4 Nf8 25. Bxd7 Nxd7 26. a5 Rc8 27.
Na4 f5 28. b6 axb6 29. Rxd7+ Kxd7 30. Nxb6+ Kc7 31. Nxc8 Kxc8 32. exf5 exf4 33.
fxg6 hxg6 34. gxf4 Kd7 35. Kc5 Kc7 36. h4 Kd7 37. Kb6 Kc8 38. f5 1-0

[Event "4NCL/Div4/LIT2 vs. MET"]
[Site "Staverton Park ENG"]
[Date "2008.02.09"]
[Round "5.1"]
[White "Stewart, Joseph"]
[Black "Noden, Nicolas"]
[Result "1/2-1/2"]
[WhiteElo "2005"]
[BlackElo "2151"]
[PlyCount "66"]
[EventDate "2008.02.09"]
[EventType "team"]
[EventRounds "11"]
[EventCountry "ENG"]
[SourceDate "2007.09.15"]

1. e4 d6 2. d4 g6 3. Nc3 Bg7 4. Be3 a6 5. a4 b6 6. f4 Nd7 7. Nf3 e6 8. Qd2 Ne7
9. Bd3 Bb7 10. h3 c5 11. Qf2 Qc7 12. O-O O-O 13. Nh4 f5 14. exf5 exf5 15. Rad1
Nf6 16. dxc5 bxc5 17. Be2 Kh8 18. Bf3 Ne4 19. Bxe4 fxe4 20. Qg3 d5 21. Bc1 d4
22. Ne2 Rad8 23. f5 Qxg3 24. Nxg3 e3 25. fxg6 hxg6 26. b3 Be5 27. Ne2 Be4 28.
Nf3 Bf6 29. Ne1 Nd5 30. Nd3 {=} Bxd3 31. cxd3 Be7 32. Ba3 Rxf1+ 33. Rxf1 Kg7
1/2-1/2

[Event "4NCL/Div4/LIT2 vs. MET"]
[Site "Staverton Park ENG"]
[Date "2008.02.09"]
[Round "5.2"]
[White "Dickson, George"]
[Black "Hewitt, Sean D"]
[Result "1-0"]
[WhiteElo "2155"]
[BlackElo "2005"]
[PlyCount "50"]
[EventDate "2008.02.09"]
[EventType "team"]
[EventRounds "11"]
[EventCountry "ENG"]
[SourceDate "2007.09.15"]

1. e4 e5 2. Nf3 Nc6 3. Nc3 Nf6 4. d4 exd4 5. Nd5 Be7 6. Bf4 d6 7. Nxd4 Ne5 8.
Bb5+ Bd7 9. Nxe7 Bxb5 10. Nef5 Qd7 11. Nxb5 Qxb5 12. Qxd6 Qa5+ 13. Bd2 cxd6 14.
Bxa5 Nxe4 15. f3 Nc6 16. fxe4 Nxa5 17. Nxd6+ Ke7 18. Nf5+ Kf8 19. O-O-O g6 20.
Nd6 Kg7 21. Rhf1 Rhf8 22. Rd5 b6 23. Nb5 Nc4 24. Rd7 a5 25. Nc7 Ra7 1-0

[Event "4NCL/Div4/LIT2 vs. MET"]
[Site "Staverton Park ENG"]
[Date "2008.02.09"]
[Round "5.3"]
[White "Clarke, Brandon"]
[Black "Calvert, D Ian"]
[Result "1/2-1/2"]
[WhiteElo "1888"]
[BlackElo "2074"]
[PlyCount "35"]
[EventDate "2008.02.09"]
[EventType "team"]
[EventRounds "11"]
[EventCountry "ENG"]
[SourceDate "2007.09.15"]

1. e4 d5 2. exd5 Qxd5 3. Nc3 Qd6 4. d4 Nf6 5. Bc4 a6 6. Nf3 b5 7. Bb3 Bb7 8.
Ne5 e6 9. Bf4 Qb6 10. d5 Bb4 11. dxe6 fxe6 12. O-O Bxc3 13. bxc3 O-O 14. c4 c5
15. Qe2 Nc6 16. cxb5 Nd4 17. Qd3 axb5 18. Be3 1/2-1/2

[Event "4NCL/Div4/LIT2 vs. MET"]
[Site "Staverton Park ENG"]
[Date "2008.02.09"]
[Round "5.4"]
[White "Vachtfeidl, Petr"]
[Black "Mapletoft, Alexander J"]
[Result "1-0"]
[WhiteElo "2008"]
[BlackElo "1865"]
[PlyCount "55"]
[EventDate "2008.02.09"]
[EventType "team"]
[EventRounds "11"]
[EventCountry "ENG"]
[SourceDate "2007.09.15"]

1. e4 e5 2. Nf3 Nc6 3. Bb5 a6 4. Ba4 Nf6 5. O-O Be7 6. Re1 b5 7. Bb3 O-O 8. h3
d6 9. c3 Na5 10. Bc2 c5 11. d4 exd4 12. cxd4 Nc6 13. Nc3 Qc7 14. e5 dxe5 15.
dxe5 Rd8 16. Qe2 Nd5 17. Nxd5 Rxd5 18. Qe4 Bf5 19. Qxf5 g6 20. Qe4 Rad8 21. Bf4
Qa5 22. Red1 Nd4 23. Nxd4 Rxd4 24. Rxd4 Rxd4 25. Qa8+ Kg7 26. Be3 Rd8 27. Qb7
Bf8 28. e6 1-0

[Event "4NCL/Div4/LIT2 vs. MET"]
[Site "Staverton Park ENG"]
[Date "2008.02.09"]
[Round "5.5"]
[White "Turvey, Steven"]
[Black "Murphy, Kieran"]
[Result "1/2-1/2"]
[WhiteElo "1915"]
[BlackElo "2044"]
[PlyCount "51"]
[EventDate "2008.02.09"]
[EventType "team"]
[EventRounds "11"]
[EventCountry "ENG"]
[SourceDate "2007.09.15"]

1. e4 c5 2. Nf3 d6 3. d4 cxd4 4. Nxd4 Nf6 5. Nc3 a6 6. Be2 e5 7. Nf3 h6 8. O-O
Be6 9. h3 Nbd7 10. Be3 Rc8 11. Nd2 d5 12. Nxd5 Nxd5 13. exd5 Bxd5 14. Nf3 Bc6
15. Re1 Be7 16. c3 O-O 17. Qc2 Bd6 18. Qf5 Qf6 19. Bd3 Qxf5 20. Bxf5 Rcd8 21.
Rad1 Bc7 22. Nd2 Nf6 23. f3 Nd5 24. Bc5 Rfe8 25. Be4 {=} g6 26. c4 1/2-1/2

[Event "4NCL/Div4/LIT2 vs. MET"]
[Site "Staverton Park ENG"]
[Date "2008.02.09"]
[Round "5.6"]
[White "Cooke, Charlie"]
[Black "Farrall, David J"]
[Result "1/2-1/2"]
[WhiteElo "1845"]
[BlackElo "1802"]
[PlyCount "118"]
[EventDate "2008.02.09"]
[EventType "team"]
[EventRounds "11"]
[EventCountry "ENG"]
[SourceDate "2007.09.15"]

1. d4 Nf6 2. c4 g6 3. Nc3 Bg7 4. e4 d6 5. Nf3 O-O 6. Bg5 Nbd7 7. Bd3 c5 8. d5
h6 9. Bd2 Ng4 10. O-O Nge5 11. Be2 Nxf3+ 12. Bxf3 Ne5 13. Be2 f5 14. f3 f4 15.
Qc2 g5 16. Rae1 a6 17. b3 Qe8 18. Na4 Qg6 19. Nb6 Rb8 20. Bc3 h5 21. h3 g4 22.
Nxc8 Rbxc8 23. fxg4 hxg4 24. Bxg4 Nxg4 25. hxg4 Qxg4 26. Bxg7 Kxg7 27. Qc3+ Kg6
28. Qh3 Qxh3 29. gxh3 Rf7 30. Rf3 Rg8 31. Kf2 Kh5 32. Rg1 Rxg1 33. Kxg1 b5 34.
cxb5 axb5 35. Kf2 Kg5 36. a4 b4 37. Ke2 e6 38. Rd3 e5 39. Rf3 c4 40. bxc4 Ra7
41. Rf1 Rxa4 42. Rg1+ Kh4 43. Rg6 Kxh3 44. Rh6+ Kg4 45. Rg6+ Kh4 46. Rh6+ Kg5
47. Rxd6 Ra2+ 48. Kf3 Ra3+ 49. Kf2 b3 50. Rb6 Ra4 51. Rxb3 Rxc4 52. Kf3 Rd4 53.
Rc3 Rd2 54. Rb3 Rh2 55. Rd3 Rh4 56. Rd1 Rh3+ 57. Kf2 Kf6 {=} 58. Rc1 Re3 59.
Re1 Rd3 1/2-1/2